Dictionary for library and information science
Đã lưu trong:
| Tác giả chính: | |
|---|---|
| Định dạng: | Sách |
| Ngôn ngữ: | Undetermined |
| Được phát hành: |
Westport, CN
LU
2004
|
| Những chủ đề: | |
| Các nhãn: |
Thêm thẻ
Không có thẻ, Là người đầu tiên thẻ bản ghi này!
|
| Thư viện lưu trữ: | Trung tâm Học liệu Trường Đại học Cần Thơ |
|---|
| LEADER | 00536nam a2200193Ia 4500 | ||
|---|---|---|---|
| 001 | CTU_102901 | ||
| 008 | 210402s9999 xx 000 0 und d | ||
| 082 | |a 020.3 | ||
| 082 | |b R379 | ||
| 100 | |a Reitz, Joan M. | ||
| 245 | 0 | |a Dictionary for library and information science | |
| 245 | 0 | |c Joan M. Reitz | |
| 260 | |a Westport, CN | ||
| 260 | |b LU | ||
| 260 | |c 2004 | ||
| 650 | |a Library science,Information science | ||
| 650 | |x Dictionaries,Dictionaries | ||
| 904 | |i Minh | ||
| 980 | |a Trung tâm Học liệu Trường Đại học Cần Thơ | ||